Statistiques concernant 15 principaux pays touchés par Covid-19 - 12 mai

Cliquez ici pour prendre le quiz!

Statistiques générales

  • Ce quiz a été pris 22 fois
  • Le résultat moyen est 16 sur 24

Statistiques - réponses

pays% Correct
Chine
100%
Etats-Unis
100%
France
100%
Allemagne
95%
Inde
95%
Italie
95%
Brésil
90%
Espagne
90%
Royaume-Uni
90%
Russie
86%
Belgique
76%
Canada
76%
Portugal
76%
Suisse
67%
Iran
62%
Pays-Bas
57%
Irlande
52%
Suède
48%
Turquie
48%
Pérou
33%
Qatar
29%
Bahreïn
24%
Singapour
24%
Biélorussie
5%

Distribution des résultats

Percentile par nombre de réponses

% des personnes avec chaque résultat

Votre développement - résultats

Vous n’avez pas pris ce quiz